000 00271 a2200085 4500
020 _a9789391818203
100 _aB. Mahadevan & Vinayak Rajat Bhat
_9211566
245 _aIntroduction to Indian Knowledge System (Concepts and Application)
260 _bPHI learning Pvt Ltd
_c2024
999 _c365452
_d365452